LEADER 01933oas 2200697 a 450 001 9910893274203321 005 20260218112742.0 011 $a4196-4600 035 $a(DE-599)ZDB2233837-8 035 $a(OCoLC)50928565 035 $a(CONSER)cn2002704214 035 $a(CKB)991042735570518 035 $a(DE-599)2233837-8 035 $a(EXLCZ)99991042735570518 100 $a20021105a20029999 sa a 101 0 $aeng 135 $aurcn||||||||| 181 $ctxt$2rdacontent 182 $cc$2rdamedia 183 $acr$2rdacarrier 200 10$aEnergy statistics handbook 210 $aOttawa $cStatistics Canada$dİ2000- 300 $aTitle from title screen (viewed Sept. 30, 2002). 300 $aArchived by the National Library of Canada. 311 08$a1496-4600 531 0 $aEnergy stat. handb. 606 $aPower resources$zCanada$vStatistics$vPeriodicals 606 $aRessources e?nerge?tiques$zCanada$vStatistiques$vPe?riodiques 606 $aPower resources$2fast$3(OCoLC)fst01074275 607 $aCanada$2fast$1https://id.oclc.org/worldcat/entity/E39PBJkMHVW4rfVXPrhVP4VwG3 608 $aPeriodicals.$2fast 608 $aStatistics.$2fast 615 0$aPower resources 615 6$aRessources e?nerge?tiques 615 7$aPower resources. 676 $a333.79/0971/021 712 02$aStatistics Canada.$bCurrent Investment Indicators Section. 801 0$bNLC 801 1$bNLC 801 2$bOCLCQ 801 2$bDLC 801 2$bOCLCQ 801 2$bHEBIS 801 2$bMNU 801 2$bOCLCF 801 2$bOCLCO 801 2$bOCLCQ 801 2$bNLC 801 2$bVT2 801 2$bOCLCQ 801 2$bCEF 801 2$bOCLCQ 801 2$bNLC 801 2$bOCLCL 801 2$bLIP 801 2$bOCLCQ 801 2$bSFB 906 $aJOURNAL 912 $a9910893274203321 996 $aEnergy statistics handbook$94233547 997 $aUNINA